000 00633nam a2200229Ia 4500
005 20260320201917.0
008 008 262003s9999 xx 000 0 eng d
037 _aEBOOK
040 _aCRL
040 _beng
040 _cCRL
041 _2eng
041 _aeng
084 _qCRL
100 _aKiepe
_91136281
245 0 _aMastering Roblox Coding: The unofficial guide to leveling up your Roblox scripting skills and building games using Luau programming
260 _bIEEE
856 _uhttps://ieeexplore.ieee.org/servlet/opac?bknumber=10162463
942 _cEBOOK
999 _c1724225
_d1724225